People, Places, Products / (Record no. 7289)

MARC details
000 -LEADER
fixed length control field 00589nam a22001937a 4500
003 - CONTROL NUMBER IDENTIFIER
control field OSt
005 - DATE AND TIME OF LATEST TRANSACTION
control field 20260123023257.0
008 - FIXED-LENGTH DATA ELEMENTS--GENERAL INFORMATION
fixed length control field 260112b |||||||| |||| 00| 0 eng d
020 ## - INTERNATIONAL STANDARD BOOK NUMBER
International Standard Book Number 514024526
040 ## - CATALOGING SOURCE
Original cataloging agency DWCL - Main
Transcribing agency OC
082 ## - DEWEY DECIMAL CLASSIFICATION NUMBER
Classification number Circ. 372.83 G7 1970
100 ## - MAIN ENTRY--PERSONAL NAME
Personal name Groosman, Ruth H.
Relator term Author
245 ## - TITLE STATEMENT
Title People, Places, Products /
Statement of responsibility, etc. Ruth H. Groosman & John U. Michaels
260 ## - PUBLICATION, DISTRIBUTION, ETC.
Place of publication, distribution, etc. U.S.A.:
Name of publisher, distributor, etc. Field Educational Publications,
Date of publication, distribution, etc. c1970.
300 ## - PHYSICAL DESCRIPTION
Extent 160 p.:
Other physical details ill.,
Dimensions 26 cm.
650 ## - SUBJECT ADDED ENTRY--TOPICAL TERM
Topical term or geographic name entry element 1. People, Places, Products.
700 ## - ADDED ENTRY--PERSONAL NAME
Personal name I. Michaels, John U.
942 ## - ADDED ENTRY ELEMENTS (KOHA)
Source of classification or shelving scheme Dewey Decimal Classification
Koha item type Book Circulation
Suppress in OPAC No
952 ## - LOCATION AND ITEM INFORMATION (KOHA)
--
952 ## - LOCATION AND ITEM INFORMATION (KOHA)
--
952 ## - LOCATION AND ITEM INFORMATION (KOHA)
--
952 ## - LOCATION AND ITEM INFORMATION (KOHA)
--
Holdings
Withdrawn status Lost status Source of classification or shelving scheme Damaged status Not for loan Home library Current library Shelving location Date acquired Source of acquisition Total Checkouts Full call number Barcode Date last seen Copy number Price effective from Koha item type Uniform Resource Identifier
    Dewey Decimal Classification     Junior High School Library Junior High School Library Circulation 09/28/2005 Library Fund   Circ. 372.83 G7 1980 JHS - 12677 01/12/2026 c12 01/12/2026 BK-CIRC
    Dewey Decimal Classification     Junior High School Library Junior High School Library Circulation 09/28/2005 Library Fund   Circ. 372.83 G7 1980 JHS - 12678 01/12/2026 c13 01/12/2026 BK-CIRC
    Dewey Decimal Classification     Junior High School Library Junior High School Library Circulation 09/28/2005 Library Fund   Circ. 372.83 G7 1980 JHS - 12679 01/12/2026 c14 01/12/2026 BK-CIRC
    Dewey Decimal Classification     Junior High School Library Junior High School Library Reserved 09/28/2005 Library Fund   Res. 372.83 G7 1970 JHS - 12765 01/23/2026 c30 01/23/2026 BK-CIRC